| 000 | 00935na a2200301 4500 | ||
|---|---|---|---|
| 001 | 12609 | ||
| 003 | MIRAKIL | ||
| 005 | 20181213155310.0 | ||
| 008 | 161026b tu 000 0 | ||
| 020 | _a9783992257 | ||
| 035 | _a12609 | ||
| 040 |
_aMilas _btur _cTR-AnCHP |
||
| 041 | _atur | ||
| 082 |
_a193 _bS65s 2011 |
||
| 090 | _a193 S65s 2011 | ||
| 245 |
_aSpinoza günleri 2 _bYeni dünyadan eski dünyaya _cyayına hazırlayanlar Reyda Ergün, Cemal Bali Akal |
||
| 246 | _aYeni dünyadan eski dünyaya | ||
| 260 |
_aİstanbul _bİstanbul Bilgi Üniversitesi Yayınları _c2011 |
||
| 300 |
_axxi, 174 s. _bres. _c23 sm. |
||
| 490 |
_aSempozyum-Panel _v4 |
||
| 490 |
_aİstanbul Bilgi Üniversitesi yayınları _v337 |
||
| 600 |
_aSpinoza, Benedictus de _d1632-1677 |
||
| 650 |
_aÇağdaş felsefe _zAlmanya |
||
| 650 | _aAlman felsefesi | ||
| 700 | _aErgün, Reyda | ||
| 700 | _aAkal, Cemal Bali | ||
| 942 |
_2ddc _cBKS |
||
| 999 |
_c10174 _d10174 |
||